LEADER 03420nam 2200685 a 450 001 9910791365403321 005 20170815145230.0 010 $a0-85745-666-0 010 $a1-282-62788-0 010 $a9786612627880 010 $a1-84545-929-6 024 7 $a10.1515/9781845459291 035 $a(CKB)2560000000012107 035 $a(EBL)544326 035 $a(OCoLC)645100802 035 $a(SSID)ssj0000383496 035 $a(PQKBManifestationID)12101841 035 $a(PQKBTitleCode)TC0000383496 035 $a(PQKBWorkID)10330318 035 $a(PQKB)10111773 035 $a(MiAaPQ)EBC544326 035 $a(DE-B1597)636347 035 $a(DE-B1597)9781845459291 035 $a(EXLCZ)992560000000012107 100 $a20090326d2009 uy 0 101 0 $aeng 135 $aur|n|---||||| 181 $ctxt 182 $cc 183 $acr 200 00$aCulture & rhetoric$b[electronic resource] /$fedited by Ivo Strecker and Stephen Tyler 210 $aNew York $cBerghahn Books$d2009 215 $a1 online resource (267 p.) 225 1 $aStudies in rhetoric and culture ;$vv. 1 300 $aDescription based upon print version of record. 311 $a0-85745-665-2 311 $a1-84545-463-4 320 $aIncludes bibliographical references and index. 327 $aTtile page-Culture & Rhetoric; Contents; Preface; Acknowledgments; Introduction; Part I-the Chiasm of Rhetoric and Culture; Chapter 1-The Rhetoric Culture Project; Chapter 2-Precursors of Rhetoric Culture Theory; Chapter 3-Homo Rhetoricus; Chapter 4-Listening Culture; Chapter 5-Practice of Rhetoric, Rhetoric of Practice; Chapter 6-Chiastic Thought and Culture; Chapter 7-When Fair is Foul and Foul is Fair; Part II-Figuration-The Persuasive Power of Deeds and Tropes; Chapter 8-Rhetoric, Truth, and the Work of Trope; Chapter 9-Figuration-A Common Ground of Rhetoric and Anthropology 327 $aChapter 10-Tropical Foundations and Foundational Tropes of CultureChapter 11-Convictions: Embodied Rhetorics of Earnest Belief; Chapter 12-An Epostemological Query; Chapter 13-Beyond the Unsaid; Chapter 14-Future Imperfect; Contributors; Index 330 $aWhile some scholars have said that there is no such thing as culture and have urged to abandon the concept altogether, the contributors to this volume overcome this impasse by understanding cultures and their representations for what they ultimately are - rhetorical constructs. These senior, international scholars explore the complex and multifarious relationships between culture and rhetoric arguing that just as rhetoric is founded in culture, culture is founded in rhetoric. This intersection of rhetoric and culture constitutes the central theme of the first part of the book, while the second 410 0$aStudies in rhetoric and culture ;$vv. 1. 606 $aCulture$xSemiotic models 606 $aCommunication and culture 606 $aLanguage and culture 606 $aRhetoric 615 0$aCulture$xSemiotic models. 615 0$aCommunication and culture. 615 0$aLanguage and culture. 615 0$aRhetoric. 676 $a306 701 $aStrecker$b Ivo A.$f1940-$01467977 701 $aTyler$b Stephen A.$f1932-$0185464 801 0$bMiAaPQ 801 1$bMiAaPQ 801 2$bMiAaPQ 906 $aBOOK 912 $a9910791365403321 996 $aCulture & rhetoric$93751068 997 $aUNINA LEADER 03587oam 2200781 c 450 001 9910563008303321 005 20250513224754.0 024 7 $a10.3726/b13563 035 $a(CKB)5450000000173886 035 $a(oapen)https://directory.doabooks.org/handle/20.500.12854/39629 035 $a(PH02)9783631750032 035 $a(oapen)doab39629 035 $a(EXLCZ)995450000000173886 100 $a20240525d2004 uy 0 101 0 $ager 135 $aurnnunnnannuu 181 $ctxt$2rdacontent 182 $cc$2rdamedia 183 $acr$2rdacarrier 200 00$aMikroanalyse eines Grundrentenkonzeptes der Alterssicherung$eEine empirische Studie zur Wirkung einer Grundrente auf Basis des Sozioökonomischen Panels$fThomas Straubhaar, Karsten J. Adamski 205 $a1st, New ed. 210 $aFrankfurt a.M$cPH02$d2004 215 $a1 online resource (206 p.)$c, EPDF 225 0 $aSchriften zur Wirtschaftstheorie und Wirtschaftspolitik$v31 300 $aPeter Lang GmbH, Internationaler Verlag der Wissenschaften 311 08$a3-631-75003-X 327 $aAus dem Inhalt: Grundrente - Bu?rgerrente - Umlage- vs. Kapitaldeckungsverfahren - Pareto-effizienter U?bergang - Kosten einer Bu?rgerrente - Levenshtein Logik - Optimal Matching - Erhebung typischer Erwerbsbiografien auf Grundlage des SOEP - Einkommen der Altersrentner - Kostenprojektion bis 2040 - Quantitative Analyse des Systemu?bergangs. 330 $aDie konzeptionelle Ausgestaltung der Alterssicherung, das heißt die Gratwanderung zwischen Bismarck und Beveridge, wird wegen der sich abzeichnenden demografischen Vera?nderungen kontrovers diskutiert. Eine besondere Bedeutung erlangte hierbei die Idee einer Bu?rgerrente, in der pro Kopf einheitliche Leistungen mit lohnproportionalen Beitra?gen verknu?pft werden. Die mit einer Bu?rgerrente einhergehenden Kostenwirkungen und Einkommensvera?nderungen fu?r Altersrentner werden quantitativ untersucht. In einer Erweiterung des Standardrentnerkonzeptes erfolgt die Analyse auf Grundlage von empirisch ermittelten Erwerbsbiografien, die fu?r eine bestimmte Kohorte typisch sind. Hierdurch ko?nnen die Folgen einer Systemumstellung auch fu?r Personen mit unstetigen Lebensla?ufen abgebildet werden. 606 $aPolitical science & theory$2bicssc 606 $aPolitical economy$2bicssc 606 $aWelfare economics$2bicssc 610 $aAdamski 610 $aAlterssicherung 610 $aAltersversorgung 610 $aBasis 610 $ademographische Veränderungen 610 $aDeutschland 610 $aEine 610 $aeiner 610 $aeines 610 $aEinkommenssicherung 610 $aempirische 610 $aGesetzliche Rentenversicherung 610 $aGrundrente 610 $aGrundrente (Sozialversicherung) 610 $aGrundrentenkonzeptes 610 $aKostenprojektion 610 $aMikroanalyse 610 $aOptimal Matching 610 $aPanels 610 $aRentenreform 610 $aRentensystem 610 $aSozioökonomischen 610 $aSozioökonomisches Panel 610 $aStudie 610 $aWirkung 615 7$aPolitical science & theory 615 7$aPolitical economy 615 7$aWelfare economics 700 $aAdamski$b Karsten J$4auth$01290005 702 $aStraubhaar$b Thomas$4edt 702 $aAdamski$b Karsten J$4aut 801 0$bPH02 801 1$bPH02 906 $aBOOK 912 $a9910563008303321 996 $aMikroanalyse eines Grundrentenkonzeptes der Alterssicherung$93021287 997 $aUNINA